000 00603cam a22002053a 4500
001 45260
003 PGUSA
005 20140828084033.0
008 140329s2014||||xxu|||||s|||||000 | eng d
040 _aPGUSA
_beng
042 _adc
100 1 _aDuncan, Julia K.
245 1 0 _aDoris Force at Locked Gates :
_bOr Saving a Mysterious Fortune
_h[electronic resource] /
_cJulia K. Duncan
260 _bProject Gutenberg,
_c2014
506 _aPublic domain in the USA.
516 _aElectronic text
830 0 _aProject Gutenberg
_v45260
856 4 0 _uhttp://www.gutenberg.org/ebooks/45260
942 _cEB
999 _c274511
_d274511